Zvyšovanie finančnej stability podniku prostredníctvom metód riadenia finančných investícií

Riadenie finančných investícií a efektívne zhodnotenie podnikového kapitálu. Pravidlá a metódy riadenia a dodržania správnej voľby a správy finančných investícií.

Uložené v:
Podrobná bibliografia
Hlavný autor: Badura, Peter, 1978-
Médium: Kapitola
Jazyk:Slovak
Predmet:
Tagy: Pridať tag
Žiadne tagy, Buďte prvý, kto otaguje tento záznam!

MARC

LEADER 00000naa$a2200000$$$4500
001 0181214
005 20240502073116.0
041 0 |a slo 
044 |a SK 
245 1 0 |a Zvyšovanie finančnej stability podniku prostredníctvom metód riadenia finančných investícií  |c Peter Badura 
520 |a Riadenie finančných investícií a efektívne zhodnotenie podnikového kapitálu. Pravidlá a metódy riadenia a dodržania správnej voľby a správy finančných investícií. 
610 2 0 |a podnik 
610 2 0 |a riadenie finančné 
610 2 0 |a investície finančné 
610 2 0 |a cash flow 
610 2 0 |a rentabilita 
610 2 0 |a kapitál podnikový 
610 2 0 |a stabilita finančná 
100 1 |a Badura, Peter, 1978-